Three-dimensional coastal ocean models /

Bibliographic Details
Other Authors: Heaps, Norman S.
Format: Book
Language:English
Published: Washington, D.C. : American Geophysical Union, 1987.
Series:Coastal and estuarine sciences ; 4.
Subjects:

MARC

Tag First Indicator Second Indicator Subfields
LEADER 00000cam a2200000 a 4500
001 in00000013859
005 20151007052440.0
008 861015s1987 dcua b 00010 eng
010 |a  86026530  
020 |a 0875902537 
035 |a (OCoLC)14586709 
035 |9 AAA7830AM 
040 |a DLC  |c DLC  |d TXA  |d UtOrBLW 
049 |a TXAM  |c [A11487123] 
050 0 0 |a GC202  |b .T48 1987 
082 0 |a 551.46/00724  |2 19 
245 0 0 |a Three-dimensional coastal ocean models /  |c Norman S. Heaps, editor. 
264 1 |a Washington, D.C. :  |b American Geophysical Union,  |c 1987. 
300 |a ix, 208 pages :  |b illustrations ;  |c 28 cm. 
336 |a text  |b txt  |2 rdacontent 
337 |a unmediated  |b n  |2 rdamedia 
338 |a volume  |b nc  |2 rdacarrier 
490 1 |a Coastal and estuarine sciences,  |x 0733-9569 ;  |v 4 
504 |a Includes bibliographies. 
650 0 |a Oceanography  |x Mathematical models. 
650 0 |a Continental shelf  |x Mathematical models. 
700 1 |a Heaps, Norman S. 
830 0 |a Coastal and estuarine sciences ;  |v 4. 
999 |a MARS 
999 f f |s 35d09c28-d088-3e18-8cf4-5d5f1785c8c9  |i c107f850-c27c-3a53-a880-fc07a88d08e1  |t 0 
952 f f |p ric  |a Texas A&M University  |b Rellis Campus  |c Joint Library Facility  |d Remote Storage  |t 0  |e GC202 .T48 1987  |h Library of Congress classification  |i unmediated -- volume  |m A14811487123 
998 f f |a GC202 .T48 1987  |t 0  |l Remote Storage